000 00684nam a2200253 a 4500
003 AR-BaBNM
005 20251128203441.0
008 082120s2002 ||||||||||||||000 | spa||
040 _cAR-BaBNM
100 1 _aGómez Langenheim, Antonio
245 0 0 _aLa tercera invasión inglesa
260 _aBuenos Aires
_bTor
_c1934
300 _a142 p.
_bláms., mapas
500 _aContiene índice p. 141-142
650 4 _aPERIODO HISPANICO
650 4 _aHISTORIA POLITICA
650 4 _aHISTORIA SOCIAL
650 4 _aHISTORIA POLITICA ARGENTINA
650 4 _aMISIONES DIPLOMATICAS
650 4 _aHISTORIA DIPLOMATICA
651 4 _aIslas Malvinas
942 _cBK
998 _cmariana
999 _c3438
_d3438